[Event "Dortmund-B"]
[Site "Dortmund"]
[Date "1987.??.??"]
[Round "?"]
[White "Kohlweyer, Bernd"]
[Black "Ostojic, Predrag"]
[Result "1-0"]
[WhiteElo "2330"]
[BlackElo "2385"]

1.d4 Nf6 2.c4 e6 3.Nf3 b6 4.Nc3 Bb4 5.Qb3 c5 6.a3 Ba5 7.Bg5 Bb7 8.e3 Bxf3
9.gxf3 cxd4 10.exd4 Nc6 11.O-O-O Bxc3 12.Qxc3 Rc8 13.Kb1 d5 14.c5 bxc5 15.dxc5 d4
16.Qc4 O-O 17.Rg1 Ne5 18.Qxd4 Qxd4 19.Rxd4 Nxf3 20.Bxf6 Nxg1 21.Rg4 g6 22.Rxg1 Rxc5
23.Be7 Re5 24.Bxf8 Re1+ 25.Ka2 Kxf8 26.Rh1 e5 27.Bg2 Re2 28.Bd5 Rxf2 29.Rc1 Rd2
30.Rc5 f5 31.Bc4 e4 32.Rc7 Rxh2 33.Kb3 a5 34.Kc3 a4 35.Ra7 Rh3+ 36.Kd4 Rh2
37.Rxa4 Rxb2 38.Ra7 h5 39.Rf7+ Ke8 40.Rg7 Rd2+ 41.Ke3 Rc2 42.Bb5+ Kf8 43.Rxg6 Rc3+
44.Kf4 Rxa3 45.Rf6+ Kg7 46.Re6 h4 47.Kg5 Rg3+ 48.Kxf5 e3 49.Re4 h3 50.Rh4 Rf3+
51.Ke4 e2 52.Bxe2 Ra3 53.Bg4 Kf6 54.Kf4 Kg6 55.Bf3 Ra4+ 56.Be4+ Kg7 57.Rxh3 Rb4
58.Ke5 Rb2 59.Rh7+ Kg8 60.Ra7 Re2 61.Kf5 Re1 62.Bd3 Rc1 63.Ke6 Rc6+ 64.Ke5 Rc1
65.Bf5 Kh8 66.Kf6 Rc6+ 67.Be6  1-0

[Event "Dortmund op"]
[Site "Dortmund"]
[Date "1987.??.??"]
[Round "9"]
[White "Reeh, Oliver"]
[Black "Rigo, Janos"]
[Result "1-0"]
[WhiteElo "2275"]
[BlackElo "2355"]

1.d4 Nf6 2.c4 e6 3.Nf3 b6 4.Nc3 Ba6 5.e4 Bb4 6.Bd3 Bxc3+ 7.bxc3 d5 8.exd5 exd5
9.Ba3 Ne4 10.cxd5 Bxd3 11.Qxd3 Qxd5 12.O-O f5 13.Rfe1 Nc6 14.c4 Qd7 15.Rxe4+ fxe4
16.Qxe4+ Kd8 17.Ne5  1-0

[Event "HUN-ch op"]
[Site "Eger"]
[Date "1987.??.??"]
[Round "?"]
[White "Gauglitz, Gernot"]
[Black "Farago, Sandor"]
[Result "1/2-1/2"]
[WhiteElo "2465"]
[BlackElo "2285"]

1.d4 Nf6 2.Nf3 b6 3.c4 e6 4.Nc3 Bb7 5.Bg5 h6 6.Bh4 Be7 7.e3 d5 8.cxd5 exd5
9.Bd3 Nbd7 10.O-O O-O 11.Ne5 Nxe5 12.dxe5 Ne4 13.Bxe4 dxe4 14.Qxd8 Bxd8 15.Bg3 f5
16.Rfd1 g5 17.h3 f4 18.Bh2 Rf7 19.exf4 gxf4 20.Re1 e3 21.fxe3 f3 22.gxf3 Rxf3
23.e4 Rxh3 24.Rad1 Bg5 25.Rd7 Kh8 26.Kg2 Rh5 27.Rf1 Ba6 28.Rff7 Bc4 29.Nd5 c6
30.Rh7+ Kg8 31.Rdg7+ Kf8 32.e6 Rxh2+ 33.Kxh2 cxd5 34.Rxg5 hxg5 35.Rh8+ Ke7
36.Rxa8 d4 37.Kg2 d3 38.Rxa7+ Kxe6 39.Ra8 Ke7 40.Ra7+ Ke6 41.Ra8 Ke7 42.Ra7+  1/2-1/2

[Event "BUL-ch"]
[Site "Elenite"]
[Date "1987.??.??"]
[Round "7"]
[White "Karayannis, Athanasios"]
[Black "Danailov, Silvio"]
[Result "0-1"]
[WhiteElo "2225"]
[BlackElo "2395"]

1.d4 Nf6 2.c4 e6 3.Nf3 b6 4.Nc3 Bb4 5.Bg5 Bb7 6.e3 h6 7.Bh4 Bxc3+ 8.bxc3 d6
9.Bd3 Nbd7 10.Qc2 Qe7 11.O-O c5 12.Nd2 g5 13.Bg3 O-O-O 14.Ne4 Ne8 15.a4 a5
16.Rfb1 h5 17.f3 h4 18.Be1 f5 19.Nd2 Ng7 20.e4 Rdf8 21.e5 dxe5 22.dxc5 Qxc5+
23.Bf2 Qc7 24.c5 bxc5 25.Nc4 h3 26.Rxb7 Kxb7 27.Rb1+ Kc8 28.Na3 Kd8 29.Qd2 Ke7
30.Nb5 Qc6 31.Na7 Qa8 32.Bb5 Qxa7 33.Bxd7 Kf6 34.Bb5 hxg2 35.Re1 Qc7 36.Bc4 e4
37.Bg3 f4 38.fxe4 fxg3 39.e5+ Kg6 40.Bd3+ Nf5 41.hxg3 c4 42.Be4 Rh1+  0-1

[Event "Espergaerde"]
[Site "Espergaerde"]
[Date "1987.??.??"]
[Round "7"]
[White "Danielsen, Henrik"]
[Black "Rodgaard, John"]
[Result "0-1"]
[WhiteElo "2415"]
[BlackElo "2365"]

1.d4 e6 2.Nf3 Nf6 3.c4 b6 4.Nc3 Bb7 5.g3 Bb4 6.Bg2 Ne4 7.O-O Nxc3 8.bxc3 Be7
9.Qc2 Nc6 10.Rb1 Qc8 11.Rd1 Na5 12.c5 d6 13.Bg5 Bxf3 14.exf3 Bxg5 15.f4 Be7
16.Bxa8 Qxa8 17.cxd6 cxd6 18.d5 exd5 19.Re1 Nc6 20.Qd3 O-O 21.Qxd5 Rc8 22.Re3 Qb7
23.Rbe1 Qd7 24.f5 h6 25.f4 Bf8 26.g4 Ne7 27.Qd4 d5 28.Kh1 Nc6 29.Qd3 d4 30.Re4 Rd8
31.cxd4 Nxd4 32.h3 Bc5 33.Kh2 a5 34.Re5 a4 35.f6 gxf6 36.Rh5 Ne6 37.Qe4 Qd2+
38.Kh1 Qxf4 39.Rd5 Qxe4+ 40.Rxe4 Rxd5  0-1

[Event "Espoo"]
[Site "Espoo"]
[Date "1987.??.??"]
[Round "8"]
[White "Lukacs, Peter"]
[Black "Pulkkinen, Kari"]
[Result "1/2-1/2"]
[WhiteElo "2500"]
[BlackElo "2240"]

1.d4 Nf6 2.c4 e6 3.Nf3 b6 4.Nc3 Bb4 5.Bg5 Bb7 6.e3 h6 7.Bh4 g5 8.Bg3 Ne4
9.Qc2 d6 10.Bd3 Bxc3+ 11.bxc3 f5 12.d5 Qf6 13.Nd4 Nc5 14.O-O Nxd3 15.Qxd3 e5
16.Nxf5 Bc8 17.Nd4 exd4 18.cxd4 O-O 19.f4 g4 20.e4 c5 21.dxc5 bxc5 22.Qe2 h5
23.e5 Qf5 24.exd6 Bd7 25.Bh4  1/2-1/2

[Event "Frunze"]
[Site "Frunze"]
[Date "1987.??.??"]
[Round "?"]
[White "Vaisser, Anatoli"]
[Black "Kuzmin, Gennadi P"]
[Result "0-1"]
[WhiteElo "2490"]
[BlackElo "2470"]

1.d4 Nf6 2.c4 e6 3.Nf3 b6 4.Nc3 Bb7 5.a3 Ne4 6.Nxe4 Bxe4 7.Nd2 Bb7 8.e4 Qf6
9.d5 Qg6 10.Qf3 d6 11.Be2 Be7 12.Qh3 O-O 13.O-O Nd7 14.f4 f5 15.exf5 exf5
16.Nf3 Rae8 17.Nd4 Bf6 18.Ne6 Rxe6 19.dxe6 Bd4+ 20.Kh1 Nf6 21.Ra2 Ne4 22.b3 Qxe6
23.Bf3 Rf6 24.Bxe4 Bxe4 25.Re2 Rg6 26.Bd2 Rh6 27.Qg3 Qe8 28.Be3 Rg6 29.Qh3 Bxe3
30.Rxe3 Bxg2+ 31.Qxg2 Qxe3 32.Qa8+ Kf7 33.Qd5+ Re6 34.Qxf5+ Kg8 35.Qd5 Qe2
36.Rf2 Qe1+ 37.Kg2 c6 38.Qxc6 Rg6+ 39.Kh3 Qe6+ 40.f5 Qe3+  0-1

[Event "Frunze"]
[Site "Frunze"]
[Date "1987.??.??"]
[Round "?"]
[White "Kanstler, Boris"]
[Black "Kuzmin, Gennadi P"]
[Result "1/2-1/2"]
[WhiteElo "2450"]
[BlackElo "2470"]

1.d4 Nf6 2.c4 e6 3.Nf3 b6 4.Nc3 Bb7 5.Bg5 Be7 6.e3 O-O 7.Bd3 c5 8.O-O cxd4
9.exd4 d5 10.a3 dxc4 11.Bxc4 Qc7 12.Qe2 Nbd7  1/2-1/2

[Event "Gausdal zt"]
[Site "Gausdal"]
[Date "1987.??.??"]
[Round "?"]
[White "Agdestein, Simen"]
[Black "Hellers, Ferdinand"]
[Result "1-0"]
[WhiteElo "2560"]
[BlackElo "2465"]

1.d4 Nf6 2.c4 e6 3.Nf3 b6 4.Nc3 Bb4 5.Bg5 Bb7 6.e3 h6 7.Bh4 g5 8.Bg3 Ne4
9.Nd2 Nxc3 10.bxc3 Bxc3 11.Rc1 Bb4 12.h4 gxh4 13.Rxh4 Bd6 14.Qg4 Qe7 15.Bxd6 cxd6
16.Qg3 f5 17.c5 d5 18.Qe5 Rh7 19.Qc7 Nc6 20.Nf3 Nd8 21.g4 Rc8 22.Qf4 bxc5
23.gxf5 cxd4 24.Rxc8 Qb4+ 25.Nd2 Bxc8 26.Bd3 Rg7 27.Rxh6 Nf7 28.Rg6 Kf8 29.Rxg7 Kxg7
30.f6+ Kf8 31.exd4 e5 32.Qg3 e4 33.Be2 Qd6 34.Qg7+ Ke8 35.Bh5 Qf8 36.f3 e3
37.Nb3 d6 38.Ke2 Bf5 39.Na5 Qxg7 40.fxg7 Bh7 41.Nc6  1-0

[Event "Gausdal zt"]
[Site "Gausdal"]
[Date "1987.??.??"]
[Round "?"]
[White "Hjartarson, Johann"]
[Black "Hellers, Ferdinand"]
[Result "0-1"]
[WhiteElo "2555"]
[BlackElo "2465"]

1.d4 Nf6 2.c4 e6 3.Nf3 b6 4.Nc3 Bb4 5.Bg5 Bb7 6.e3 h6 7.Bh4 g5 8.Bg3 Ne4
9.Qc2 Bxc3+ 10.bxc3 Nxg3 11.fxg3 d6 12.Bd3 Nd7 13.O-O Qe7 14.Rf2 O-O-O 15.Raf1 Rdf8
16.Be4 f5 17.Bxb7+ Kxb7 18.Nd2 Rf6 19.Qa4 h5 20.Rb1 h4 21.c5 dxc5 22.Nb3 Qd6
23.g4 Ka8 24.e4 fxe4 25.Rxf6 Nxf6 26.dxc5 Qd3 27.Rc1 Qe3+ 28.Kh1 h3  0-1

[Event "Baden/Wuert-NordD"]
[Site "Germany"]
[Date "1987.??.??"]
[Round "2"]
[White "Fritsch, Rolf"]
[Black "Joecks, Christian"]
[Result "0-1"]
[WhiteElo "2220"]
[BlackElo "2255"]

1.d4 Nf6 2.Nf3 e6 3.c4 b6 4.Nc3 Bb4 5.e3 Ne4 6.Qc2 Bb7 7.Bd3 Bxc3+ 8.bxc3 f5
9.O-O O-O 10.Nd2 Qh4 11.f3 Nxd2 12.Bxd2 d6 13.Rae1 Nd7 14.g3 Qh5 15.e4 Nf6
16.exf5 exf5 17.Kg2 g6 18.Re7 Rf7 19.Re2 Ne4 20.Be3 Ng5 21.d5 Qh3+ 22.Kg1 f4
23.gxf4 Nxf3+ 24.Rxf3 Qxf3 25.Be4 Qh5 26.Rg2 Re8 27.Rg5 Qh4 28.Bxg6 hxg6
29.Qxg6+ Kf8 30.Bf2 Qxf4 31.Qh6+ Ke7 32.Re5+ Qxe5 33.Bh4+ Kd7  0-1

[Event "Hamburg HSV"]
[Site "Hamburg"]
[Date "1987.??.??"]
[Round "?"]
[White "Michaelsen, Nils"]
[Black "Rigo, Janos"]
[Result "1-0"]
[WhiteElo "2205"]
[BlackElo "2365"]

1.d4 Nf6 2.c4 e6 3.Nf3 b6 4.Nc3 Bb4 5.Bg5 Bb7 6.e3 h6 7.Bh4 O-O 8.Rc1 d5
9.cxd5 exd5 10.Bd3 Nbd7 11.O-O Re8 12.Bf5 Be7 13.Qc2 c6 14.Rfd1 b5 15.h3 a5
16.Bg3 Nb6 17.Nxb5 cxb5 18.Bc7 Rc8 19.Bxc8 Qxc8 20.Bxb6 Qa8 21.Ne5 Bd6 22.Qe2 Qa6
23.Bc7 Bf8 24.a4 bxa4 25.Qxa6 Bxa6 26.Bxa5 Ra8 27.Nc6 Be2 28.Re1 Bc4 29.Bd8 Ra6
30.Ne5 Bb4 31.Nxc4 Bxe1 32.Rxe1 dxc4 33.Rc1 Rc6 34.Bxf6 gxf6 35.Ra1 Ra6 36.g4 Kf8
37.Kf1 Ke7 38.Ke2 Rb6 39.Ra2 Kd6 40.Kd2 Kc6 41.Rxa4 Rxb2+ 42.Kc3 Rxf2 43.Kxc4 Rf3
44.e4 Kd7 45.Kd5 Rxh3 46.Ra7+ Ke8 47.Kd6 Kf8 48.d5 Re3 49.Ra4 Rg3 50.Kc6 Ke7
51.Ra7+ Ke8 52.Ra8+  1-0

[Event "Hamburg-ch"]
[Site "Hamburg"]
[Date "1987.??.??"]
[Round "?"]
[White "Michaelsen, Nils"]
[Black "Rhodin, Christian"]
[Result "1-0"]
[WhiteElo "2205"]
[BlackElo "2295"]

1.d4 Nf6 2.c4 e6 3.Nf3 b6 4.Nc3 Bb4 5.Bg5 h6 6.Bh4 Bb7 7.e3 Bxc3+ 8.bxc3 d6
9.Nd2 g5 10.Bg3 Qe7 11.h4 Rg8 12.hxg5 hxg5 13.Be2 Bxg2 14.Rh6 g4 15.Bh4 Nbd7
16.Qa4 O-O-O 17.c5 dxc5 18.e4 cxd4 19.Bxf6 Qf8 20.Rh2 dxc3 21.Bxc3 Nc5 22.Qxa7 Rxd2
23.Qa8+ Kd7 24.Bb5+ Ke7 25.Qxf8+ Rxf8 26.Bxd2 Bxe4 27.Bb4 Kd6 28.O-O-O+ Bd5
29.Rh7 c6 30.Be2 f5 31.Rb7 Ke5 32.Rxb6 Nd7 33.Bxf8 Nxb6 34.a3 Na4 35.Ba6 c5
36.Bb5 Bb3 37.Re1+ Kd5 38.Re3 c4 39.Rxb3  1-0

[Event "Hamburg HSV"]
[Site "Hamburg"]
[Date "1987.??.??"]
[Round "?"]
[White "Stone, Raymond"]
[Black "Rigo, Janos"]
[Result "1-0"]
[WhiteElo "2375"]
[BlackElo "2365"]

1.d4 Nf6 2.c4 e6 3.Nf3 b6 4.Nc3 Bb4 5.Bg5 h6 6.Bh4 g5 7.Bg3 Ne4 8.Qc2 Bb7
9.e3 d6 10.Bd3 Bxc3+ 11.bxc3 f5 12.d5 exd5 13.cxd5 Bxd5 14.Nd4 Nd7 15.f3 Nxg3
16.hxg3 Qf6 17.Bxf5 O-O-O 18.Qa4 Qe7 19.Be6 Bb7 20.Qxa7 h5 21.a4 Rh6 22.Bxd7+ Rxd7
23.Kf2 Qe5 24.a5 Re7 25.e4 h4 26.Rh3 Rf6 27.Kg1 c5 28.Qxb6 d5 29.Qxc5+ Rc7
30.Qb5 Rxc3 31.Nf5 Ba6 32.Qxd5 Rxf5 33.Qg8+ Kc7 34.Qh7+ Kc6 35.Qxf5 Qd4+
36.Kh2 hxg3+ 37.Rxg3 Qh8+ 38.Rh3 Qb8+ 39.e5 Bc8 40.Rh6+ Kc5 41.Qf8+ Kd4 42.Qd6+  1-0

[Event "Jurmala"]
[Site "Jurmala"]
[Date "1987.??.??"]
[Round "?"]
[White "Toshkov, Tihomir"]
[Black "Kengis, Edvins"]
[Result "0-1"]
[WhiteElo "2460"]
[BlackElo "2475"]

1.d4 Nf6 2.c4 e6 3.Nf3 b6 4.Nc3 Bb4 5.Bg5 h6 6.Bh4 Bb7 7.e3 g5 8.Bg3 Ne4
9.Qc2 Bxc3+ 10.bxc3 Nxg3 11.fxg3 g4 12.Ne5 h5 13.Bd3 d6 14.Be4 c6 15.Nxf7 Kxf7
16.O-O+ Ke7 17.Bg6 Kd7 18.Qe4 Kc7 19.Rf7+ Nd7 20.c5 Kb8 21.Raf1 bxc5 22.Qxe6 Nb6
23.dxc5 Re8 24.Qxd6+ Qxd6 25.cxd6 Bc8 26.a4 Rd8 27.a5 Rxd6 28.Rb1 Be6 29.Rf8+ Kb7
30.Rxa8 Kxa8 31.axb6 axb6 32.Rxb6 Bc4 33.h3 Rxg6 34.Rb4 Be6 35.Kh2 Ka7 36.e4 Rg5
37.Rd4 Re5 38.Kg1 c5 39.Ra4+ Kb6 40.Kf2 Kb5  0-1

[Event "Jyvaskyla"]
[Site "Jyvaskyla"]
[Date "1987.??.??"]
[Round "?"]
[White "Rantanen, Yrjo A"]
[Black "Hentunen, Asko"]
[Result "1-0"]
[WhiteElo "2385"]
[BlackElo "2295"]

1.d4 Nf6 2.c4 e6 3.Nf3 b6 4.Nc3 Bb4 5.Bg5 Bb7 6.e3 O-O 7.Rc1 d5 8.cxd5 exd5
9.Qb3 Be7 10.Bd3 Nbd7 11.O-O c5 12.Bf5 h6 13.Bh4 Re8 14.Rfd1 c4 15.Qc2 Nf8
16.Ne5 a6 17.f4 b5 18.Qe2 N6d7 19.Bf2 b4 20.Na4 Nxe5 21.dxe5 Bc6 22.b3 c3
23.e4 Bxa4 24.bxa4 d4 25.Bxd4 Qc7 26.Kh1 Red8 27.Bg4 a5 28.Be3 Qc6 29.Qc2 Bc5
30.Bxc5 Qxc5 31.Rd5 Qe3 32.g3 Ne6 33.Bxe6 fxe6 34.Rd6 Kf7 35.Rcd1 Ke7 36.f5 exf5
37.exf5 Qxe5 38.Re6+ Qxe6 39.fxe6 Rxd1+ 40.Qxd1 Rd8 41.Qg4 c2 42.Qxg7+ Kxe6
43.Qg6+ Ke5 44.Qxc2  1-0

[Event "Kecskemet"]
[Site "Kecskemet"]
[Date "1987.??.??"]
[Round "?"]
[White "Gauglitz, Gernot"]
[Black "Varasdy, Imre"]
[Result "0-1"]
[WhiteElo "2480"]
[BlackElo "2325"]

1.d4 Nf6 2.c4 e6 3.Nf3 b6 4.Nc3 Bb7 5.Bg5 Be7 6.e3 h6 7.Bh4 Ne4 8.Bxe7 Qxe7
9.Nxe4 Bxe4 10.Nd2 Bb7 11.Bd3 d6 12.O-O Nd7 13.e4 e5 14.d5 a5 15.Bc2 O-O
16.a3 Qg5 17.b3 Nf6 18.Nf3 Qh5 19.Qd3 Bc8 20.b4 Bg4 21.Rfc1 Bxf3 22.Qxf3 Qg5
23.Qc3 Ra7 24.c5 axb4 25.axb4 bxc5 26.bxc5 Rfa8 27.Rab1 Ra5 28.c6 Rc5 29.Qe1 Ra3
30.g3 Rac3 31.Qe2 h5 32.h4 Qg4 33.Qd2 Qf3 34.Rb8+ Kh7 35.Rc8 Ng4 36.Rxc7 Rd3
37.Bxd3 Rxc1+ 38.Bf1 Rd1 39.Rxf7 Qxf7  0-1

[Event "Lloyds Bank op"]
[Site "London"]
[Date "1987.??.??"]
[Round "?"]
[White "Littlewood, Paul E"]
[Black "Brenninkmeijer, Joris"]
[Result "1-0"]
[WhiteElo "2470"]
[BlackElo "2345"]

1.d4 Nf6 2.c4 e6 3.Nf3 b6 4.Nc3 Bb4 5.Bg5 h6 6.Bxf6 Qxf6 7.e4 Bb7 8.Bd3 c5
9.O-O cxd4 10.Nb5 Qd8 11.a3 Be7 12.e5 O-O 13.Bc2 Nc6 14.Qd3 g6 15.Rad1 d6
16.Rfe1 dxe5 17.Rxe5 Nxe5 18.Nxe5 f5 19.Qg3 g5 20.Rxd4 Qb8 21.Rd7 Bf6 22.Nd6 Rd8
23.Ng4 fxg4 24.Bh7+ Kh8 25.Nf7+ Kxh7 26.Qd3+ Kg8 27.Qg6+  1-0

[Event "Lloyds Bank op"]
[Site "London"]
[Date "1987.??.??"]
[Round "1"]
[White "Lanka, R."]
[Black "Chandler, Murray G"]
[Result "0-1"]
[WhiteElo "2325"]
[BlackElo "2575"]

1.d4 Nf6 2.c4 e6 3.Nf3 b6 4.Nc3 Bb4 5.Bg5 Bb7 6.e3 h6 7.Bh4 Bxc3+ 8.bxc3 d6
9.Bd3 Nbd7 10.Qc2 Qe7 11.a4 a5 12.Rb1 g5 13.Bg3 h5 14.h3 O-O-O 15.Nxg5 h4
16.Bh2 Bxg2 17.Rg1 Bb7 18.Qe2 e5 19.Bf5 Kb8 20.Qa2 Rdg8 21.c5 Nd5 22.cxb6 cxb6
23.Ne4 Rxg1+ 24.Bxg1 exd4 25.cxd4 Nxe3 26.fxe3 Bxe4 27.Bxe4 Qxe4 28.Rc1 Rg8
29.Bf2 Qh1+ 30.Kd2 Qf3 31.Ke1 Rc8 32.Rxc8+ Kxc8 33.Qa3 Nf6 34.Bxh4 Ne4 35.Qd3 Kb7
36.Qb3 Ka7 37.Qd3 d5 38.Bd8 Qg3+ 39.Ke2 Qd6 40.Bh4 Qh2+ 41.Ke1 Qxh3 42.Be7 Qg3+
43.Ke2 Qh2+ 44.Ke1 Qc7 45.Bh4 Qc6  0-1

[Event "Lloyds Bank op"]
[Site "London"]
[Date "1987.??.??"]
[Round "7"]
[White "Rossiter, Philip J"]
[Black "Harley, Andrew"]
[Result "1-0"]
[WhiteElo "2220"]
[BlackElo "2240"]

1.d4 e6 2.Nf3 Nf6 3.c4 b6 4.Nc3 Bb7 5.e3 Bb4 6.Bd3 Ne4 7.Qc2 f5 8.O-O Bxc3
9.bxc3 O-O 10.Ne1 d6 11.f3 Nf6 12.e4 fxe4 13.fxe4 Nbd7 14.Nf3 e5 15.c5 Qe7
16.cxd6 Qxd6 17.Nh4 g6 18.Nf3 Kg7 19.Bb2 Rae8 20.Rae1 Nh5 21.g3 exd4 22.cxd4 Nxg3
23.d5+ Kg8 24.Rf2 Qc5 25.d6 cxd6 26.hxg3 Rxf3 27.Qxc5 Rxg3+ 28.Kh2 Nxc5 29.Bb5 Rc8
30.Kxg3 Nxe4+ 31.Rxe4 Bxe4 32.Bd7  1-0

[Event "Lugano op"]
[Site "Lugano"]
[Date "1987.??.??"]
[Round "?"]
[White "Zysk, Robert"]
[Black "Huss, Andreas"]
[Result "0-1"]
[WhiteElo "2400"]
[BlackElo "2375"]

1.d4 e6 2.c4 Nf6 3.Nf3 b6 4.Nc3 Bb4 5.Bg5 h6 6.Bh4 Bb7 7.Qc2 g5 8.Bg3 Ne4
9.e3 Bxc3+ 10.bxc3 d6 11.Bd3 f5 12.d5 Nd7 13.Bxe4 fxe4 14.Qxe4 Qf6 15.O-O O-O-O
16.Rfd1 Nc5 17.Qc2 Rde8 18.Nd4 h5 19.h3 h4 20.Bh2 g4 21.hxg4 h3 22.e4 hxg2
23.f3 Qh6 24.Bg3 exd5 25.cxd5 Qh1+ 26.Kf2 Qh3 27.Rg1 Rhf8 28.Nf5 Nxe4+ 29.fxe4 Qxg4
30.Rae1 Bxd5 31.Bxd6 Rxf5+ 32.exf5 Qf3+  0-1

[Event "Lugano op"]
[Site "Lugano"]
[Date "1987.??.??"]
[Round "?"]
[White "Piket, Jeroen"]
[Black "Soos, Bela"]
[Result "1-0"]
[WhiteElo "2405"]
[BlackElo "2380"]

1.d4 Nf6 2.c4 e6 3.Nf3 b6 4.Nc3 Bb4 5.Bg5 Bb7 6.Qc2 h6 7.Bh4 g5 8.Bg3 Ne4
9.Be5 f6 10.d5 exd5 11.cxd5 Bxc3+ 12.Bxc3 Bxd5 13.O-O-O c6 14.e3 Qe7 15.h4 Nxc3
16.bxc3 Na6 17.Bxa6 Qa3+ 18.Kb1 Qxa6 19.Rxd5 cxd5 20.Qg6+ Kd8 21.Qxf6+ Kc7
22.Qe5+ Kb7 23.Qxd5+ Kc7 24.Nd4 Rac8 25.Nb5+ Kb8 26.Qe5+ Ka8 27.hxg5 Qb7
28.gxh6 Qxg2 29.Rd1 Rxh6 30.Rxd7 Rh7 31.Qf5 Rxd7 32.Qxd7 Qf1+ 33.Kb2  1-0

[Event "Lugano op"]
[Site "Lugano"]
[Date "1987.??.??"]
[Round "?"]
[White "Ruetschi, U."]
[Black "Langeweg, Kick"]
[Result "1-0"]
[WhiteElo "2245"]
[BlackElo "2390"]

1.d4 Nf6 2.Nf3 e6 3.c4 b6 4.Nc3 Bb4 5.Bg5 h6 6.Bh4 Bb7 7.e3 Bxc3+ 8.bxc3 d6
9.Nd2 g5 10.Bg3 Qe7 11.a4 a5 12.h4 Rg8 13.hxg5 hxg5 14.Qb3 Na6 15.Rb1 Bc6
16.f3 e5 17.Kf2 Kf8 18.Bd3 Re8 19.Rbe1 Qd7 20.c5 Bxa4 21.Qa3 b5 22.cxd6 Qxd6
23.Qxd6+ cxd6 24.Ra1 Nc7 25.c4 Kg7 26.Rhb1 bxc4 27.Nxc4 Bb5 28.Nxe5 Rb8 29.Nc4 Rgd8
30.Bxd6 Bxc4 31.Rxb8 Rxb8 32.Bxc4 Rb2+ 33.Kg1 Ncd5 34.e4 Ne3 35.Bf1 Nh5 36.Ra3 Nc2
37.Rxa5  1-0

[Event "Moscow ch"]
[Site "Moscow"]
[Date "1987.??.??"]
[Round "?"]
[White "Vasiukov, Evgeni"]
[Black "Makarichev, Sergey"]
[Result "1/2-1/2"]
[WhiteElo "2510"]
[BlackElo "2515"]

1.d4 Nf6 2.c4 e6 3.Nf3 b6 4.Nc3 Bb4 5.Bg5 Bb7 6.e3 h6 7.Bh4 Bxc3+ 8.bxc3 d6
9.Nd2 Nbd7 10.a4 a5 11.f3 Qe7 12.Qb3 g5 13.Bf2 Nh5 14.g4 Ng7 15.Rg1 h5 16.h3 hxg4
17.Rxg4 f5 18.Rg1 e5 19.c5 dxc5 20.d5 e4 21.fxe4 O-O-O 22.Nc4 Nf6 23.d6 Rxd6
24.e5 Rd7 25.exf6 Qxf6 26.Nxa5 bxa5 27.Rb1 Qb6 28.Qxb6 cxb6 29.Rxg5 Rh6 30.Bg3 Nh5
31.Bh2 Be4 32.Ba6+ Kd8 33.Rb2 Bd3 34.Bxd3 Rxd3 35.Rd2 Rxd2 36.Kxd2 Nf6 37.Rxf5 Rxh3
38.Rxf6 Rxh2+ 39.Kd3 Kc7 40.Kc4 Re2 41.Re6 Re1 42.e4 Re3 43.e5 Kd7 44.Rxb6 Rxe5
45.Ra6 Kc7 46.Rxa5 Kb6 47.Rb5+ Kc6 48.Rb8 Re4+ 49.Kb3 Kc7 50.Rb5 Kc6 51.Rb8 Re1
52.Rh8 Ra1 53.Rh6+ Kb7  1/2-1/2

[Event "Moscow TV"]
[Site "Moscow"]
[Date "1987.??.??"]
[Round "?"]
[White "Smyslov, Vassily"]
[Black "Sokolov, Andrei"]
[Result "1/2-1/2"]
[WhiteElo "2550"]
[BlackElo "2645"]

1.d4 Nf6 2.c4 e6 3.Nf3 b6 4.Nc3 Bb7 5.g3 Ne4 6.Nxe4 Bxe4 7.Bg2 d5 8.O-O Nd7
9.cxd5 Bxd5 10.Bg5 Be7 11.Bxe7 Qxe7 12.Qc2 c5 13.e4 Bb7 14.d5 O-O 15.Rad1 exd5
16.exd5 Qd6 17.Nd2 Nf6 18.Nc4 Qd7 19.Ne5 Qd6 20.Nc4 Qd7  1/2-1/2

[Event "Moscow TV"]
[Site "Moscow"]
[Date "1987.??.??"]
[Round "?"]
[White "Tukmakov, Vladimir B"]
[Black "Psakhis, Lev"]
[Result "1/2-1/2"]
[WhiteElo "2575"]
[BlackElo "2575"]

1.d4 Nf6 2.Nf3 e6 3.c4 b6 4.Nc3 Bb4 5.Bg5 Bb7 6.e3 h6 7.Bh4 Bxc3+ 8.bxc3 d6
9.Nd2 Nbd7 10.f3 e5 11.Bd3 Qe7 12.e4 O-O 13.Nf1 Rfe8 14.Ne3 Nf8 15.O-O Ng6
16.Bf2 Nf4 17.Re1 Nxd3 18.Qxd3 Qd7 19.a4 a5 20.Qd2 Nh7 21.Nf5 Qc6 22.c5 bxc5
23.dxc5 d5 24.exd5 Qxd5 25.Qxd5 Bxd5 26.f4 g6 27.Ne3 Bc6 28.Bg3 exf4 29.Bxf4 Re7
30.Nc4 Rxe1+ 31.Rxe1 Bxa4 32.Bxc7 Nf6 33.Nb6 Re8 34.Rf1 Bb3 35.Rxf6 a4 36.Rf1 a3
37.Bd6 Re6 38.Nc8 Bc4 39.Ra1 a2 40.c6 Re2 41.c7 Be6 42.Ne7+ Kh7 43.Ba3 Rc2
44.c8=Q Bxc8 45.Nxc8 Rxc3 46.Rxa2 Rxc8 47.Kf2 Ra8 48.Ra1 g5 49.Bb2 Rb8 50.Bd4 Rb4
51.Rd1 f6 52.Bc3 Rc4 53.Rd3 Kg6 54.Ke2 h5 55.h3 h4 56.Kd2 Rc6 57.Bb4 Rc4
58.Bc3 Rc6 59.Rf3 f5 60.Rd3 g4 61.Ke3 Kg5 62.Bd2 Rc2 63.Rd5 Ra2 64.Kd3+ Kf6
65.Rd4 Ra3+ 66.Bc3 Kg5 67.Rd8 Kf4 68.hxg4 fxg4 69.Kd4 Kg3 70.Be1+ Kxg2 71.Bxh4 g3  1/2-1/2

[Event "Munich zt"]
[Site "Munich"]
[Date "1987.??.??"]
[Round "?"]
[White "Greenfeld, Alon"]
[Black "Veinger, Itzchak"]
[Result "1-0"]
[WhiteElo "2515"]
[BlackElo "2440"]

1.d4 Nf6 2.Nf3 e6 3.c4 b6 4.Nc3 Bb7 5.a3 d5 6.cxd5 Nxd5 7.e3 Nxc3 8.bxc3 Be7
9.Bb5+ c6 10.Bd3 Nd7 11.O-O Qc7 12.e4 c5 13.e5 c4 14.Be2 b5 15.a4 b4 16.cxb4 Bxb4
17.Qc2 Rc8 18.Ba3 a5 19.Rfb1 Qb6 20.Bxb4 axb4 21.a5 b3 22.Qxc4 Rxc4 23.axb6 Rb4
24.Nd2 Nxb6 25.Rxb3 Rxb3 26.Nxb3 O-O 27.Nc5 Bc6 28.Ra6 Rb8 29.h3 g6 30.Kh2 Bd5
31.Kg3 Nc8 32.Bf3 Ne7 33.Bxd5 Nxd5 34.Kf3 Rb2 35.Ra8+ Kg7 36.Ra7 Kg8 37.g3 Rd2
38.Ra8+ Kg7 39.Ra7 Kg8 40.Ra4 Kg7 41.Ne4 Rd3+ 42.Kg2 h5 43.Ng5 h4 44.Ra7 hxg3
45.fxg3 Rxd4 46.Nxe6+  1-0

[Event "New York op"]
[Site "New York"]
[Date "1987.??.??"]
[Round "?"]
[White "Akhsharumova, Anna M"]
[Black "Hellers, Ferdinand"]
[Result "0-1"]
[WhiteElo "2290"]
[BlackElo "2465"]

1.d4 Nf6 2.c4 e6 3.Nf3 b6 4.Nc3 Bb4 5.Qb3 c5 6.a3 Ba5 7.Bg5 h6 8.Bh4 O-O
9.e3 cxd4 10.Nxd4 Bb7 11.Be2 Na6 12.Bf3 Bxf3 13.gxf3 Rc8 14.Rg1 Kh8 15.Rc1 Rc5
16.Ke2 Rh5 17.Bg3 Qa8 18.Bd6 Rc8 19.Rg2 Nc5 20.Qd1 e5 21.Ndb5 e4 22.f4 Nd3
23.b4 Nxc1+ 24.Qxc1 Rxc4 25.Be5 Rxe5 26.fxe5 Nd5 27.Qg1 Nxc3+ 28.Nxc3 Rxc3
29.Rxg7 Qc8 30.Qg4 Qc4+  0-1

[Event "New York op"]
[Site "New York"]
[Date "1987.??.??"]
[Round "?"]
[White "Silman, Jeremy D"]
[Black "Whitehead, Jay E"]
[Result "0-1"]
[WhiteElo "2345"]
[BlackElo "2420"]

1.d4 Nf6 2.c4 e6 3.Nf3 b6 4.Nc3 Bb7 5.g3 Bxf3 6.exf3 d5 7.Bg2 c6 8.cxd5 cxd5
9.O-O Nc6 10.f4 g6 11.Qa4 Qd7 12.Be3 a6 13.Rfc1 Na5 14.Qd1 Bd6 15.Na4 Rb8
16.Bf1 b5 17.Nc5 Bxc5 18.dxc5 O-O 19.Bd4 Ne8 20.Be5 Rb7 21.a4 Nc6 22.axb5 axb5
23.b3 f6 24.Bb2 Nc7 25.Qd2 b4 26.h4 Qf7 27.Bh3 Rbb8 28.Re1 Ra8 29.Rxa8 Rxa8
30.Ra1 Rxa1+ 31.Bxa1 Qe7 32.Bf1 Kf7 33.Qe3 Qd8 34.Qd2 Ne8 35.Bb5 Qa5 36.Bxc6 Qxa1+
37.Kg2 Qc3 38.Qe3 Nc7 39.Bd7 d4 40.Qe4 Qxc5 41.Ba4 Qd5 42.Qxd5 Nxd5 43.Bb5 Nc3
44.Bc4 Ke7 45.Kf1 e5 46.fxe5 fxe5 47.f3 Kf6 48.Ke1 g5 49.hxg5+ Kxg5 50.Kd2 h5
51.Kd3 h4 52.gxh4+ Kxh4 53.Ba6 Kg3 54.Bb7 Kf2 55.Kd2 Ne2 56.Kd3 Nc1+ 57.Kc2 d3+
58.Kd1 Nxb3 59.Bd5 Nc5 60.Kd2 b3  0-1

[Event "New York op"]
[Site "New York"]
[Date "1987.??.??"]
[Round "?"]
[White "Silman, Jeremy D"]
[Black "Browne, Walter S"]
[Result "0-1"]
[WhiteElo "2345"]
[BlackElo "2495"]

1.d4 Nf6 2.c4 e6 3.Nf3 b6 4.Nc3 Bb4 5.Qb3 c5 6.dxc5 bxc5 7.g3 Nc6 8.Bg2 Ba6
9.O-O O-O 10.Bf4 Na5 11.Qa4 Bxc4 12.Bd6 Re8 13.Ne5 Rc8 14.Rfd1 Qb6 15.Ne4 Nxe4
16.Bxe4 Bb5 17.Qc2 f5 18.a3 fxe4 19.axb4 Nb7 20.Bxc5 d6 21.Bxb6 Rxc2 22.Rxa7 Rb8
23.Bd4 Bxe2 24.Re1 dxe5 25.Bxe5 Rbc8 26.Rxe2 Rxe2 27.Rxb7 e3 28.Rxg7+ Kf8
29.Rc7 Rxc7 30.Bxc7 Rxf2 31.Bb6 Rf3 32.Kg2 e2 33.Bf2 Rb3 34.Bc5+ Ke8 35.Kf2 Rxb2
36.h4 h5 37.Be3 Kd7 38.b5 Rxb5 39.Kxe2 e5 40.Kf3 Rb4 41.Bg5 Ke6 42.Bh6 Rb3+
43.Kf2 Kf5 44.Bg7 e4 45.Bd4 Kg4 46.Be5 Rf3+ 47.Ke2 Rxg3 48.Bf6 Kf4  0-1

[Event "New York op"]
[Site "New York"]
[Date "1987.??.??"]
[Round "?"]
[White "Pavlovic, Milos"]
[Black "Schussler, Harry"]
[Result "1-0"]
[WhiteElo "2350"]
[BlackElo "2470"]

1.d4 Nf6 2.Nf3 e6 3.c4 b6 4.Nc3 Bb7 5.a3 d5 6.cxd5 exd5 7.g3 Be7 8.Qa4+ c6
9.Bg2 O-O 10.O-O Nbd7 11.Bf4 Nh5 12.Ne5 Nxe5 13.Bxe5 f6 14.Bf4 Nxf4 15.gxf4 Bd6
16.e3 Kh8 17.Ne2 Qe7 18.Rac1 Rfc8 19.Rfe1 Qf7 20.Ng3 g6 21.Rc3 a5 22.f5 c5
23.dxc5 bxc5 24.fxg6 hxg6 25.Rd1 Be5 26.Qh4+ Kg7 27.Rb3 Ra7 28.f4 Bb8 29.Rxb7 Rxb7
30.Bxd5 Qd7 31.Bb3 Qb5 32.Be6 Rh8 33.Qg4 Qe8 34.e4 Kf8 35.Rd5 Re7 36.Bd7 Qf7
37.Bc6 Bc7 38.Qc8+ Kg7 39.Qg4  1-0

[Event "New York op"]
[Site "New York"]
[Date "1987.??.??"]
[Round "?"]
[White "Pavlovic, Milos"]
[Black "Sax, Gyula"]
[Result "0-1"]
[WhiteElo "2350"]
[BlackElo "2570"]

1.d4 Nf6 2.Nf3 e6 3.c4 b6 4.Nc3 Bb7 5.a3 d5 6.cxd5 Nxd5 7.e3 g6 8.Bb5+ c6
9.Bc4 Bg7 10.e4 Nxc3 11.bxc3 c5 12.Qd3 O-O 13.Bg5 Qd7 14.O-O Nc6 15.Rad1 Na5
16.Bb5 Qd6 17.Qe3 cxd4 18.cxd4 Rfc8 19.Rfe1 Qf8 20.h4 Nc4 21.Qb3 Nxa3 22.Bd3 b5
23.Ra1 b4 24.Bd2 a5 25.Rxa3 bxa3 26.Qxb7 Rab8 27.Qd7 Rb3 28.Ba6 Rc2 29.Bf4 Rb6
30.Bd3 Rc3 31.Rd1 a2 32.Qa4 Ra3 33.Qc4 a1=Q 34.Rxa1 Rxa1+ 35.Kh2 Ra3 36.e5 Rb4
37.Qa6 Rab3 38.Be4 a4 39.d5 Rxe4 40.dxe6 fxe6 41.Qxe6+ Kh8 42.Bg3 Rxf3 43.gxf3 Qxf3
44.Qe8+ Qf8 45.Qc6  0-1